000 00576nam a2200217Ia 4500
001 1512
008 210106s ii g b000 u asm u
082 _a294.5
100 _aBhagabati, Bhabadev .
245 0 _aStutipath /
_cBhabadev Bhagabati.
_hTextual Documents
250 _a1st ed. /
260 _aNalbari :
_bGopimohan Baishya.
300 _a119p. ;
_c14cm.
500 _a98/1 & 98/2 Ref/Ass
653 _aAssamese-Religion
653 _aReligion
653 _aReligious Literature
653 _aRef-Assamese
700 _aBaishya, Gopimohan .
942 _2ddc
_cBK
999 _c1508
_d1508